<?xml version="1.0" encoding="UTF-8"?>
<record
    xmlns:xsi="http://www.w3.org/2001/XMLSchema-instance"
    xsi:schemaLocation="http://www.loc.gov/MARC21/slim http://www.loc.gov/standards/marcxml/schema/MARC21slim.xsd"
    xmlns="http://www.loc.gov/MARC21/slim">

  <leader>03273nam a2200589Ia 4500</leader>
  <controlfield tag="001">4699</controlfield>
  <controlfield tag="008">241029s9999    xx            000 0 und d</controlfield>
  <datafield tag="010" ind1=" " ind2=" ">
    <subfield code="a">4439</subfield>
  </datafield>
  <datafield tag="041" ind1=" " ind2=" ">
    <subfield code="a">Espa&#xF1;ol</subfield>
  </datafield>
  <datafield tag="082" ind1=" " ind2=" ">
    <subfield code="a">NO APLICA</subfield>
  </datafield>
  <datafield tag="245" ind1=" " ind2="0">
    <subfield code="a">La aplicaci&#xF3;n de controles normativos y t&#xE9;cnicos, orientados a resultados que afectan el desarrollo de los procesos docentes y de gesti&#xF3;n educativa, en los Liceos T&#xE9;cnicos y Polit&#xE9;cnicos del Distrito Educativo 15-04 de Santo Domingo III, D.N. Rep&#xFA;blica Dominicana, Per&#xED;odo 2007-2009</subfield>
  </datafield>
  <datafield tag="260" ind1=" " ind2=" ">
    <subfield code="a">Santo Domingo</subfield>
  </datafield>
  <datafield tag="300" ind1=" " ind2=" ">
    <subfield code="a">93</subfield>
  </datafield>
  <datafield tag="520" ind1=" " ind2=" ">
    <subfield code="a">48</subfield>
  </datafield>
  <datafield tag="630" ind1=" " ind2=" ">
    <subfield code="a">Docentes</subfield>
  </datafield>
  <datafield tag="630" ind1=" " ind2=" ">
    <subfield code="a">Gesti&#xF3;n</subfield>
  </datafield>
  <datafield tag="630" ind1=" " ind2=" ">
    <subfield code="a">Nivel Medio</subfield>
  </datafield>
  <datafield tag="630" ind1=" " ind2=" ">
    <subfield code="a">Proceso de Ense&#xF1;anza-Aprendizaje</subfield>
  </datafield>
  <datafield tag="630" ind1=" " ind2=" ">
    <subfield code="a">Supervisi&#xF3;n</subfield>
  </datafield>
  <datafield tag="650" ind1=" " ind2=" ">
    <subfield code="a">Administraci&#xF3;n de la Educaci&#xF3;n</subfield>
  </datafield>
  <datafield tag="690" ind1=" " ind2=" ">
    <subfield code="a">Elaborado</subfield>
  </datafield>
  <datafield tag="700" ind1=" " ind2=" ">
    <subfield code="e">asesor</subfield>
    <subfield code="a">Bautista P&#xE9;rez, Juan </subfield>
  </datafield>
  <datafield tag="700" ind1=" " ind2=" ">
    <subfield code="e">autor</subfield>
    <subfield code="a"> Bid&#xF3; N&#xFA;&#xF1;ez, Bienvenido Laureano </subfield>
  </datafield>
  <datafield tag="700" ind1=" " ind2=" ">
    <subfield code="e">autor</subfield>
    <subfield code="a"> Dinzey Alc&#xE1;ntara, Florencia Melvina </subfield>
  </datafield>
  <datafield tag="700" ind1=" " ind2=" ">
    <subfield code="e">autor</subfield>
    <subfield code="a"> Vald&#xE9;z, Florencio </subfield>
  </datafield>
  <datafield tag="901" ind1=" " ind2=" ">
    <subfield code="a">{"1":" Bid&#xF3; N&#xFA;&#xF1;ez","2":" Dinzey Alc&#xE1;ntara","3":" Vald&#xE9;z"}</subfield>
    <subfield code="b">{"1":"Bienvenido Laureano ","2":"Florencia Melvina ","3":"Florencio "}</subfield>
  </datafield>
  <datafield tag="902" ind1=" " ind2=" ">
    <subfield code="a">1</subfield>
  </datafield>
  <datafield tag="903" ind1=" " ind2=" ">
    <subfield code="a">{"1":"Bautista P&#xE9;rez"}</subfield>
    <subfield code="b">{"1":"Juan "}</subfield>
  </datafield>
  <datafield tag="904" ind1=" " ind2=" ">
    <subfield code="a">Mag&#xED;ster en</subfield>
  </datafield>
  <datafield tag="905" ind1=" " ind2=" ">
    <subfield code="a">Administraci&#xF3;n Educativa</subfield>
  </datafield>
  <datafield tag="906" ind1=" " ind2=" ">
    <subfield code="a">2</subfield>
  </datafield>
  <datafield tag="907" ind1=" " ind2=" ">
    <subfield code="a">NO APLICA</subfield>
  </datafield>
  <datafield tag="908" ind1=" " ind2=" ">
    <subfield code="a">NO APLICA</subfield>
  </datafield>
  <datafield tag="909" ind1=" " ind2=" ">
    <subfield code="a">Universidad Interamericana (UNICA)</subfield>
  </datafield>
  <datafield tag="910" ind1=" " ind2=" ">
    <subfield code="a">NULL</subfield>
    <subfield code="b">NULL</subfield>
  </datafield>
  <datafield tag="911" ind1=" " ind2=" ">
    <subfield code="a">["1"]</subfield>
  </datafield>
  <datafield tag="912" ind1=" " ind2=" ">
    <subfield code="a">NO APLICA</subfield>
  </datafield>
  <datafield tag="913" ind1=" " ind2=" ">
    <subfield code="a">NULL</subfield>
  </datafield>
  <datafield tag="914" ind1=" " ind2=" ">
    <subfield code="a">01 de Julio de 2010</subfield>
  </datafield>
  <datafield tag="915" ind1=" " ind2=" ">
    <subfield code="a">20/07/15 06:07</subfield>
  </datafield>
  <datafield tag="916" ind1=" " ind2=" ">
    <subfield code="a">NULL</subfield>
  </datafield>
  <datafield tag="917" ind1=" " ind2=" ">
    <subfield code="a">NULL</subfield>
  </datafield>
  <datafield tag="918" ind1=" " ind2=" ">
    <subfield code="a">NO APLICA</subfield>
  </datafield>
  <datafield tag="919" ind1=" " ind2=" ">
    <subfield code="a">["70","111","240","163","187"]</subfield>
  </datafield>
  <datafield tag="520" ind1=" " ind2=" ">
    <subfield code="a">El estudio se plante&#xF3; como objetivo general, analizar la aplicaci&#xF3;n de controles normativos y t&#xE9;cnicos, orientados a resultados que afectan el desarrollo de los procesos docentes y de gesti&#xF3;n educativa, en los Liceos T&#xE9;cnicos y Polit&#xE9;cnicos del Distrito Educativo 15-04 de Santo Domingo III, D.N. Rep&#xFA;blica Dominicana, Periodo 2007-2009.&#xA0; La investigaci&#xF3;n fue de tipo descriptivo y el instrumento utilizado fue la encuesta.&#xA0; Se trabaj&#xF3; con la poblaci&#xF3;n docente de los liceos t&#xE9;cnicos y polit&#xE9;cnicos del Distrito Educativo 15-04.La investigaci&#xF3;n concluy&#xF3; diciendo que al finalizar el estudio se pudo inferir, que la necesidad de supervisar surge, cuando se reconoce la diferencia entre el modo como son las cosas y el modo como deben&#xA0; ser, uno de los m&#xE9;todos m&#xE1;s eficaces para analizar y mejorar las situaciones, es tener una visi&#xF3;n clara y objetiva de lo que est&#xE1; sucediendo y esto es lo que se busca en educaci&#xF3;n. El estudio recomend&#xF3; a los docentes, mejorar su desempe&#xF1;o en cuanto a la planificaci&#xF3;n, manejo de registro, estrategias docentes, entre otros componentes del quehacer educativo. Tambi&#xE9;n, acoger la supervisi&#xF3;n t&#xE9;cnica como un elemento evaluativo, para la mejora de su desempe&#xF1;o y comprender que los acompa&#xF1;amientos y la aplicaci&#xF3;n de controles normativos y t&#xE9;cnicos, est&#xE1;n orientados a la verificaci&#xF3;n de que el desarrollo de los procesos, guarda relaci&#xF3;n con los resultados.&#xA0;</subfield>
  </datafield>
  <datafield tag="921" ind1=" " ind2=" ">
    <subfield code="a">12</subfield>
  </datafield>
  <datafield tag="922" ind1=" " ind2=" ">
    <subfield code="a">12</subfield>
  </datafield>
  <datafield tag="923" ind1=" " ind2=" ">
    <subfield code="a">0</subfield>
  </datafield>
  <datafield tag="924" ind1=" " ind2=" ">
    <subfield code="a">NO APLICA</subfield>
  </datafield>
  <datafield tag="942" ind1=" " ind2=" ">
    <subfield code="c">Tesis</subfield>
  </datafield>
  <datafield tag="999" ind1=" " ind2=" ">
    <subfield code="c">4439</subfield>
    <subfield code="d">4439</subfield>
  </datafield>
</record>
